Best Countries in Table Tennis - Statistics

General Stats
  • This quiz has been taken 1,335 times
    1,035 since last reset
  • The average score is 12 of 20
Answer Stats
Gold Silver Bronze Total Country % Correct
145 103 159 407 China
99%
1 2 5.5 8.5 Chinese Taipei
99%
48 36 73 157 Japan
95%
5 16.5 21.5 43 Germany
88%
9.5 2 20 31.5 United States
88%
5 15 43 63 South Korea
86%
2 3 18 23 France
84%
15 30 61 106 United Kingdom
76%
13 15 12.5 40.5 Sweden
70%
4 9 13 26 North Korea
57%
0 3.5 7.5 11 Poland
46%
6 15.5 35.5 57 Austria
42%
68 58.5 75.5 202 Hungary
37%
0 2 1 3 Belgium
36%
3 4 7 14 Soviet Union
35%
1 2 5 8 Singapore
34%
16.5 10.5 19 46 Romania
32%
28 34.5 59 121.5 Czech Republic
31%
0 2 22.5 24.5 Hong Kong
29%
3 11 13.5 27.5 Yugoslavia
25%
No matching quizzes found
Score Distribution
Percent of People with Each Score
Percentile by Number Answered
Your Score History
You have not taken this quiz since the last reset